| 000 | 00488nam a2200217Ia 4500 | ||
|---|---|---|---|
| 003 | 0100 | ||
| 008 | 130303s9999 xx 000 0 und d | ||
| 020 | _a70655960 | ||
| 040 | _cARRUPELIB | ||
| 050 | _aHM51.T783 1994 | ||
| 100 | _aTurner, Jonathan H | ||
| 245 | _aSociology | ||
| 245 | _bconcepts and uses | ||
| 260 | _aNew York | ||
| 260 | _bMcGraw-Hill | ||
| 260 | _C1994 | ||
| 300 | _axvi | ||
| 300 | _b 266 p. ill. 24 cm | ||
| 700 | _aJonathan H. Turner | ||
| 942 | 0 | 0 | _02 |
| 999 |
_c16306 _d16306 |
||